Normal view
MARC view
- Time
Entry Topical Term
001 - CONTROL NUMBER
- control field: 109418
003 - CONTROL NUMBER IDENTIFIER
- control field: NUST
005 - DATE AND TIME OF LATEST TRANSACTION
- control field: 20230222095811.0
008 - FIXED-LENGTH DATA ELEMENTS
- fixed length control field: 230222|| aca||aabn | a|a d
040 ## - CATALOGING SOURCE
- Original cataloging agency: NUST
- Transcribing agency: NUST
150 ## - HEADING--TOPICAL TERM
- Topical term or geographic name entry element: Time
- General subdivision: Sociological aspects
670 ## - SOURCE DATA FOUND
- Source citation: Work cat.: (NUST)0: Time, temporality and violence in international relations :
